Favi.sk intuitívny vyhľadávač nábytku a dekorácií
Vznik a charakteristika startupu Favi.sk. Výhody produktu - internetového vyhľadávača nábytku. Pôsobenie produktu vo svete a jeho silné stránky.
Salvato in:
| Autore principale: | |
|---|---|
| Natura: | Capitolo di libro |
| Lingua: | slovacco |
| Soggetti: | |
| Tags: |
Nessun Tag, puoi essere il primo ad aggiungerne!!
|
MARC
| LEADER | 00000naa$a2200000$$$4500 | ||
|---|---|---|---|
| 001 | 0271194 | ||
| 005 | 20240502074248.2 | ||
| 041 | 0 | |a slo | |
| 044 | |a SK | ||
| 245 | 1 | 0 | |a Favi.sk |b intuitívny vyhľadávač nábytku a dekorácií |c Richard Bednár |
| 520 | |a Vznik a charakteristika startupu Favi.sk. Výhody produktu - internetového vyhľadávača nábytku. Pôsobenie produktu vo svete a jeho silné stránky. | ||
| 610 | 2 | 0 | |a start-up |
| 610 | 2 | 0 | |a nábytok |
| 610 | 2 | 0 | |a dizajn |
| 610 | 2 | 0 | |a štýl životný |
| 610 | 2 | 0 | |a obchod elektronický |
| 100 | 1 | |a Bednár, Richard, 1985- | |